Normal view MARC view
  • Jiménez Robles, Angélica

Entry Nombre Personal

Number of records used in: 2

001 - NUMERO DE CONTROL

  • campo de control: 49517

003 - IDENTIFICADOR DE NUMERO DE CONTROL

  • campo de control: MX-MxUPN

005 - FECHA Y HORA DE LA ÜLTIMA TRANSACCIÓN

  • campo de control: 20230626214329.0

008 - DATOS DE LONGITUD FIJA

  • campo de control de longitud fija: 230626nn acnnnaabn a aaa d

040 ## - FUENTE DE CATALOGACIÓN

  • Agencia original de catalogación: MX-MxUPN
  • Lenguaje de catalogación: spa

100 1# - ENCABEZAMIENTO - NOMBRE PERSONAL

  • Nombre personal: Jiménez Robles, Angélica

373 ## - GRUPO ASOCIADO

  • Associated group: Universidad Pedagógica Nacional (México). Unidad 095
  • Source of information: bgtq

400 1# - VEÁSE - NOMBRE DE PERSONA

  • Personal name: Robles, Angélica Jiménez

670 ## - FUENTE EN LA QUE SE LOCALIZARON DATOS

  • Cita de la fuente: Los secretos de la escritura académica, 2023:
  • Información localizada: portada (Angélica Jiménez Robles)

670 ## - FUENTE EN LA QUE SE LOCALIZARON DATOS

  • Cita de la fuente: Escribir en la universidad, 2022 :
  • Información localizada: página 219 (Docente de la Unidad UPN 095).

902 ## - CATALOGADOR

  • Catalogador: VíctorGodínez/260623